|
|
|
|
| LEADER |
00000nam0a2200000 4500 |
| 001 |
132112 |
| 005 |
20231031134722.0 |
| 010 |
|
|
|a 9785926504931
|
| 035 |
|
|
|a (RuTPU)RU\TPU\book\143052
|
| 090 |
|
|
|a 132112
|
| 100 |
|
|
|a 20080227d2007 m y0rusy50 ca
|
| 101 |
0 |
|
|a rus
|
| 102 |
|
|
|a RU
|
| 105 |
|
|
|a y z 000zy
|
| 200 |
1 |
|
|a Парижские тайны: русский след
|f В. В. Большаков
|
| 210 |
|
|
|a Москва
|c Алгоритм
|d 2007
|
| 215 |
|
|
|a 608 с.
|
| 225 |
1 |
|
|a Политический бестселлер
|
| 330 |
|
|
|a Связям России и Франции не одно столетие. Во времена Ярослава Мудрого его дочь даже стала королевой Франции и несколько лет единолично правила после смерти своего мужа Генриха I. А кто знает, как повернулась бы история, если бы российские власти не отказали юному артиллеристу лейтенанту Наполеону Бонапарту служить в царской армии. После революции 1917 года через Францию прошли сотни тысяч русских эмигрантов. Русский ген привился во Франции и после Второй мировой войны. Книга известного журналиста-международника Владимира Большакова, проработавшего в Париже без малого два десятка лет, поможет понять Францию и французов и отыскать новые доказательства корней их родства с Россией.
|
| 610 |
1 |
|
|a история
|
| 610 |
1 |
|
|a международные отношения
|
| 610 |
1 |
|
|a Россия
|
| 610 |
1 |
|
|a Франция
|
| 610 |
1 |
|
|a Древний мир
|
| 610 |
1 |
|
|a средние века
|
| 610 |
1 |
|
|a 18 век
|
| 610 |
1 |
|
|a 19 век
|
| 610 |
1 |
|
|a 20 век
|
| 610 |
1 |
|
|a русские эмигранты
|
| 686 |
|
|
|a Т3(4Фр)
|v LBC/SL-A
|2 rubbk
|
| 686 |
|
|
|a Т3(2)0-6
|v LBC/SL-A
|2 rubbk
|
| 700 |
|
1 |
|a Большаков
|b В. В.
|g Владимир Викторович
|
| 801 |
|
1 |
|a RU
|b 63413507
|c 20080227
|g PSBO
|
| 801 |
|
2 |
|a RU
|b 63413507
|c 20080521
|g PSBO
|
| 942 |
|
|
|c BK
|
| 959 |
|
|
|a 21/20080227
|d 1
|e 168,30
|f ХФ:1
|